书目信息 |
| 题名: |
保龄球运动入门
|
|
| 作者: | 陶志翔 编著 | |
| 分册: | ||
| 出版信息: | 南京 江苏科学技术出版社 2002 |
|
| 页数: | 173页 | |
| 开本: | 19cm | |
| 丛书名: | 休闲健身丛书 | |
| 单 册: | ||
| 中图分类: | G849.4 | |
| 科图分类: | ||
| 主题词: | 保龄球运动--基本知识 | |
| 电子资源: | ||
| ISBN: | 7-5345-3509-3 | |
| 000 | 00633nam2 2200217 45 | |
| 001 | 0401262375 | |
| 005 | 20040127001836.3 | |
| 010 | @a7-5345-3509-3@dCNY10.00 | |
| 100 | @a20040126d2002 km y0chiy0120 ea | |
| 101 | 0 | @achi |
| 105 | @aa z 000yy | |
| 200 | 1 | @a保龄球运动入门@ABao Ling Qiu Yun Dong Ru Men@f陶志翔编著@FTao Zhi Xiang Bian Zhu |
| 210 | @a南京@c江苏科学技术出版社@d2002 | |
| 215 | @a173页@c图@d19cm | |
| 225 | @a休闲健身丛书 | |
| 410 | @12001 @a休闲健身丛书 | |
| 606 | 0 | @a保龄球运动@x基本知识 |
| 690 | @aG849.4@v4 | |
| 701 | 0 | @a陶志翔@4编著 |
| 801 | @aCN@bTSTCL@c20040126 | |
| 905 | @b332546-550@dG849.4@e151@f5 | |
| 保龄球运动入门/陶志翔编著.-南京:江苏科学技术出版社,2002 |
| 173页:图;19cm.-(休闲健身丛书) |
| ISBN 7-5345-3509-3:CNY10.00 |
| ● |
| 相关链接 |
|
|
|
|
正题名:保龄球运动入门
索取号:G849.4/151
 
预约/预借
| 序号 | 登录号 | 条形码 | 馆藏地/架位号 | 状态 | 备注 |
| 1 | 0332546 | 203325464 | 第四借阅区/ [索取号:G849.4/151] | 在馆 | |
| 2 | 0332547 | 203325473 | 第四借阅区/ [索取号:G849.4/151] | 在馆 | |
| 3 | 0332548 | 203325482 | 第四借阅区/ [索取号:G849.4/151] | 在馆 | |
| 4 | 0332549 | 203325491 | 第四借阅区/ [索取号:G849.4/151] | 在馆 | |
| 5 | 0332550 | 203325507 | 第一样本阅览室/ [索取号:G849.4/151] | 在馆 |